| 000 | 00627nam a22001457a 4500 | ||
|---|---|---|---|
| 020 | _a81-7070-360-3 | ||
| 082 |
_a823 _bBON/B |
||
| 100 | _aBOND, RUSKIN | ||
| 245 | _aA BOND WITH THE MOUNTAINS | ||
| 260 |
_aDELHI _bRATNA SAGAR _c1998 |
||
| 300 | _a75 | ||
| 520 | _aA Bond with the Mountains is a 1998 slim collection of stories, poems and thoughts by Landour's famous resident writer. But for the inevitable melancholic tragedy of No Room for a Leopard, the remarkable bonding of the young and old in A Bouquet of Love, nothing overtly dramatic occurs in this collection. | ||
| 650 |
_aCHILDRENS STORY BOOK _zINDIA |
||
| 942 | _cBK | ||
| 999 |
_c2783 _d2783 |
||